| 000 | 00649cam a2200157 i 4500 | ||
|---|---|---|---|
| 082 |
_a954.9205 _bKHA _cL-30, P-37 |
||
| 100 | 1 |
_aAkbar Khan, Mohammed, _948754 |
|
| 245 | 1 | 4 |
_aThe mystery of debacle of Pakistan, 1971, and myth of exploitation since 1947, and secret of the covert war-unmasked ... / _cby Rangrut Mohd. Akbar Khan. |
| 260 |
_aKarachi : _bIslamic Military Science Association, _c[1972 or 1973] |
||
| 300 |
_axxxi, 494 p. : _bill., maps ; _c20 cm. |
||
| 490 | 1 | _aThe Islamic ideology on war series | |
| 526 |
_a0 _b0 _c0 _d954_920500000000000_KHA |
||
| 650 | 0 |
_aIndia-Pakistan Conflict, 1971. _95188 |
|
| 650 | 0 |
_aMCE _9379 |
|
| 942 |
_2ddc _cBK |
||
| 999 |
_c551902 _d551902 |
||